| 000 | 00682nam a2200169 4500 | ||
|---|---|---|---|
| 999 |
_c5999 _d5999 |
||
| 008 | 161208b xxu||||| |||| 00| 0 eng d | ||
| 022 | _a00223514 | ||
| 082 | _aDPer 155.205 J82 Feb- Apr 2016 v. 110, n. 2 - 4 | ||
| 100 |
_918212 _aSlepian, Michael L. |
||
| 245 |
_aThe voiced pronounciation of initial phonemes predicts the gender of names/ _cMichael L. Slepian and Adam D. Galinsky. |
||
| 260 |
_aWashington DC: _bAmerican Psychological Association, _c©Feb-Apr 2016. |
||
| 300 |
_av110 n4, pages 509-527; _b _c11 cm. |
||
| 500 | _aJournal of personality and social psychology. | ||
| 650 | 0 |
_919815 _aNames _xGender |
|
| 700 |
_918214 _aGalinsky, Adam D. _eAuthor |
||
| 942 |
_2ddc _cPER |
||